000 00318nam a22001337a 4500
008 250515b |||||||| |||| 00| 0 eng d
020 _a0070320829
050 _aHD7287.65
_b.I79
100 _aIRWIN, Robert
245 _aTmeshare Properties
260 _aLondon
_bMcGraw-Hill
_c1983
300 _axi, 203p.
942 _cBK
999 _c3509
_d3509